000 00388 a2200169 4500
001 50288
020 _a8526005111
040 _cAnchieta - Bela Vista
100 _aScliar, Moacyr
240 1 0 _aUm sonho no caroço do abacate
_lpor
245 1 0 _aUm sonho no caroço do abacate
300 _a75
362 0 _a2000
440 1 _aGlobal
650 4 _aLiteratura brasileira
942 _cBK
999 _c50288
_d50288